Le definizioni legislative nel sistema penale tributario

Detalles Bibliográficos
Autor principal: Parlato, Maria Concetta
Formato: eBook
Lenguaje:italiano
Publicado: Bari : Cacucci Editore, 2012
Materias:
Acceso en línea:http://www.vlex.com/source/7266

MARC

LEADER 00000nam a22000007a 4500
005 20130226155510.0
007 cr|||| ||||
008 130226e2012 mx |||||s|||| 00||0 ita d
020 |a 9788866112181 
035 |a 7266 
040 |a vLex 
090 |c 3769  |d 3769 
100 1 0 |a Parlato, Maria Concetta 
245 1 3 |a Le definizioni legislative nel sistema penale tributario  |h [Recurso electrn̤ico] 
256 |a Servicio en ln̕ea 
260 |a Bari :  |b Cacucci Editore,   |c 2012 
300 |a 1 Recurso electrn̤ico 
650 0 4 |a Derecho penal  |z Italia 
650 0 4 |a Derecho tributario  |z Italia 
740 |a vLex Libros (Servicio en ln̕ea) 
856 |a Acceso restringido  |u http://www.vlex.com/source/7266 
942 |c BOOK 
999 0 |a Criminal law